[Event "52nd ch-RUS w"]
[Site "Elista RUS"]
[Date "2002.05.13"]
[Round "4"]
[White "Tomilova,E"]
[Black "Fominykh,M"]
[Result "1-0"]
[WhiteElo "2311"]
[BlackElo "2163"]

1.e4 d6 2.d4 g6 3.Nc3 Bg7 4.f4 a6 5.Nf3 b5 6.Bd3 Nd7 7.O-O c5 8.d5 e6 9.dxe6 fxe6
10.Ng5 Nf8 11.f5 c4 12.Be2 h6 13.Nxe6 Nxe6 14.fxe6 Bd7 15.e7 Be6 16.Bg4 Qd7
17.Bxe6 Qxe6 18.Nd5 Rc8 19.c3 Nxe7 20.a4 Rf8 21.axb5 Rxf1+ 22.Qxf1 Nxd5 23.exd5 Qxd5
24.bxa6 Kd7 25.a7 Ra8 26.Be3 Be5 27.Qf3 Qxf3 28.gxf3 g5 29.Ra4 d5 30.Ra5 Ke6
31.Ra6+ Kf5 32.Rxh6 Bf6 33.Rh7 Be5 34.h3 Re8 35.Bc5 Bg3 36.Re7 Rc8 37.Rf7+  1-0

[Event "52nd ch-RUS w"]
[Site "Elista RUS"]
[Date "2002.05.13"]
[Round "4"]
[White "Polovnikova,E"]
[Black "Slavina,I"]
[Result "1-0"]
[WhiteElo "2366"]
[BlackElo "2370"]

1.e4 g6 2.d4 d6 3.Nc3 Bg7 4.Nf3 Nf6 5.Be2 O-O 6.O-O a6 7.a4 b6 8.e5 dxe5
9.dxe5 Ng4 10.Bf4 Nc6 11.Qxd8 Rxd8 12.e6 Bxe6 13.Bxc7 Rd7 14.Bxb6 Bf5 15.Rfd1 Rb7
16.a5 Bxc2 17.Rd2 Bf5 18.Nd5 Bh6 19.Rdd1 Bg7 20.Rac1 Nge5 21.Nxe5 Nxe5 22.Rc7 Rxc7
23.Nxc7 Rb8 24.Nxa6 Rc8 25.Nc5 Nc6 26.a6 Bxb2 27.Bf3 Bd4 28.a7 Nxa7 29.Rxd4 Nc6
30.Rd1 Kg7 31.h3 g5 32.g4 Bg6 33.Kg2 Ne5 34.Bb7 Re8 35.Bc7 Nc4 36.Re1 e6
37.Ba6 Na3 38.Be5+ Kg8 39.Ne4 Ra8 40.Bb7 Ra5 41.Nf6+ Kg7 42.Nh5+ Kf8 43.Bf6 Bc2
44.Re3 Nb5 45.Re2 Ra2 46.Bf3 Bb1 47.Re5 Nc7 48.Rc5 Rc2 49.Bc3 Nd5 50.Bxd5 exd5
51.Ng3 d4 52.Bxd4 Rxc5 53.Bxc5+ Kg7 54.Kf3 Kg6 55.Ne4 f5 56.Nd6 fxg4+ 57.hxg4 h5
58.gxh5+ Kxh5 59.Ne4 Ba2 60.Be7 Bd5 61.Ke3 Kg6 62.Nxg5 Kf5 63.Nf3 Ke6 64.Bb4 Bb7
65.Nd4+ Ke5 66.Ba5 Bc8 67.Bc7+ Kf6 68.Kf4 Bd7 69.Bd8+ Kf7 70.Ke5 Bh3 71.f4 Ke8
72.Ba5 Kd7 73.Bb6 Kc8 74.Kd6 Kb7 75.Kc5 Bg4 76.f5 Bxf5 77.Nxf5 Ka6 78.Nd4 Kb7
79.Kb5 Kb8 80.Kc6 Ka8 81.Nb5 Kb8 82.Nc7 Kc8 83.Be3 Kb8 84.Nd5 Ka8 85.Kb6 Kb8
86.Nc7 Kc8 87.Kc6 Kb8 88.Nd5 Ka8 89.Kb6 Kb8 90.Nc7 Kc8 91.Kc6 Kb8 92.Bd4 Kc8
93.Ba7 Kd8 94.Nd5 Kc8 95.Ne7+ Kd8 96.Kd6 Ke8 97.Ke6 Kf8 98.Nf5 Ke8 99.Bb6 Kf8
100.Ba5 Kg8 101.Bb4 Kh8 102.Kf6 Kh7 103.Kf7 Kh8 104.Kg6 Kg8 105.Nh6+  1-0

[Event "Capablanca Mem Mixto"]
[Site "Havana CUB"]
[Date "2002.05.13"]
[Round "7"]
[White "Collazo,N"]
[Black "Araque,R"]
[Result "0-1"]
[WhiteElo "2192"]
[BlackElo "2365"]

1.e4 g6 2.d4 Bg7 3.Nc3 d6 4.h3 c6 5.a4 Nf6 6.Nf3 O-O 7.Be3 Nbd7 8.a5 Qc7
9.Be2 Re8 10.O-O e5 11.dxe5 dxe5 12.Bc4 Nf8 13.Ng5 Ne6 14.Qe2 Nxg5 15.Bxg5 Nh5
16.Qe3 Nf4 17.Ne2 Be6 18.Bxe6 Nxe6 19.Bh6 Bf6 20.c3 c5 21.f4 exf4 22.Nxf4 Nxf4
23.Bxf4 Be5 24.Bh6 Re6 25.Kh1 Rae8 26.Rad1 Qxa5 27.Rd7 R6e7 28.Rd5 Qb6 29.Qf2 Qe6
30.Qxc5 b6 31.Qf2 Bh8 32.Rd3 Qxe4 33.Re3 Qd5 34.Rxe7 Rxe7 35.Qf4 Be5 36.Qg4 Qe6
37.Rd1 Bc7 38.Qd4 Qe1+ 39.Rxe1 Rxe1+ 40.Qg1 Rxg1+ 41.Kxg1 f6 42.Be3 Kf7 43.Kf2 Ke6
44.Kf3 a5 45.Ke4 b5 46.Bc5 Be5 47.Bb6 a4 48.Bc5 f5+ 49.Kd3 Kd5 50.Ba3 h5
51.Be7 Bf4 52.h4 Be5 53.Bg5 Bd6 54.Bf6 Bc5 55.Bg5 Ke5 56.g3 Kd5 57.Bf4 Be7
58.Be3 Bf6 59.Bd2 Bg7 60.Be1 Be5 61.Bf2 f4 62.gxf4 Bxf4 63.Be1 g5 64.hxg5 Bxg5
65.Bg3 Bf6 66.Bf4 h4  0-1

[Event "Open"]
[Site "Pula CRO"]
[Date "2002.05.13"]
[Round "2"]
[White "Stefanova,A"]
[Black "Kljako,D"]
[Result "1-0"]
[WhiteElo "2473"]
[BlackElo "2252"]

1.e4 g6 2.d4 Bg7 3.Nc3 d6 4.Be3 a6 5.Qd2 Nc6 6.d5 Nb8 7.h4 h6 8.f4 c5 9.dxc6 Nxc6
10.Nd5 Kf8 11.Bb6 Qd7 12.O-O-O Nf6 13.Nxf6 Bxf6 14.e5 Nxe5 15.fxe5 Bxe5 16.Nf3 Qc6
17.Bd4 f6 18.Bxe5 fxe5 19.Bd3 Kg7 20.Qe3 Bf5 21.h5 Rac8 22.c3 Qc5 23.Qxc5 Rxc5
24.Nh4 Bxd3 25.Rxd3 e4 26.Rg3 g5 27.Ng6 Re8 28.Re3 d5 29.Rf1 Rc6 30.Rf5 e6
31.Rf1 Rc7 32.Re2 b5 33.Ne5 Rf8 34.Rxf8 Kxf8 35.Kd2 Kg7 36.Rf2 a5 37.a3 b4
38.axb4 axb4 39.cxb4 d4 40.Re2 Kf6 41.Rxe4 Kf5 42.Kd3 Rc1 43.g4+ Kf6 44.Kxd4  1-0

[Event "52nd ch-RUS w"]
[Site "Elista RUS"]
[Date "2002.05.15"]
[Round "6"]
[White "Sudakova,I"]
[Black "Kozlovskaya,V"]
[Result "1-0"]
[WhiteElo "2369"]
[BlackElo "2246"]

1.e4 d6 2.d4 g6 3.Nc3 Bg7 4.Be3 c6 5.f4 Qc7 6.Qf3 h5 7.Bd3 Qb6 8.Nge2 Bg4
9.Qf2 Nh6 10.h3 Bxe2 11.Nxe2 d5 12.O-O dxe4 13.Bxe4 Nf5 14.Bxf5 gxf5 15.d5 Qa5
16.Ng3 Qxd5 17.Rad1 Qe6 18.Rfe1 Qg6 19.Bc5 Bf6 20.Qe2 e6 21.Qd3 b6 22.Nxf5 Rg8
23.Nd6+ Kf8 24.Qxg6 Rxg6 25.f5 Rh6 26.fxe6 Be7 27.exf7 bxc5 28.Nf5 Bg5 29.Nxh6 Bxh6
30.Rd6 Bg5 31.Rg6 Bf4 32.Rf6  1-0

[Event "Capablanca Mem Mixto"]
[Site "Havana CUB"]
[Date "2002.05.15"]
[Round "9"]
[White "Collazo,N"]
[Black "Frometa,Z"]
[Result "1-0"]
[WhiteElo "2192"]
[BlackElo "2213"]

1.e4 g6 2.d4 Bg7 3.Nc3 d6 4.h3 Nc6 5.d5 Nb8 6.Be3 c5 7.Nf3 Nd7 8.Be2 a6 9.a4 Qa5
10.Bd2 Qc7 11.a5 Ngf6 12.O-O O-O 13.Be3 Rb8 14.Nd2 Ne8 15.Ra2 e5 16.dxe6 fxe6
17.f4 Ndf6 18.Nc4 Kh8 19.Qd2 Bd7 20.Rd1 Bc6 21.Bf3 Rd8 22.Bxc5 Bxe4 23.Bb6 Qxc4
24.b3 Qc8 25.Nxe4 Nxe4 26.Bxe4 Rd7 27.c4 Rdf7 28.Be3 Qd8 29.Qe1 Qf6 30.Bf3 Qc3
31.Qxc3 Bxc3 32.Bg4 Re7 33.Rd3 Bg7 34.Rf2 h5 35.Bf3 Kh7 36.b4 Rc7 37.b5 axb5
38.cxb5 d5 39.a6 bxa6 40.bxa6 Nd6 41.Ra2 Nc4 42.Bf2 Ra8 43.g4 hxg4 44.hxg4 Bf8
45.Bd4 Kg8 46.f5 Bc5 47.Bxc5 Rxc5 48.fxe6 Nb6 49.Rb3 Rc6 50.e7 Kg7 51.a7 Re8
52.Rxb6 Rxb6 53.a8=Q Rxe7 54.Qxd5  1-0

[Event "52nd ch-RUS w"]
[Site "Elista RUS"]
[Date "2002.05.16"]
[Round "7"]
[White "Semenova,I"]
[Black "Fominykh,M"]
[Result "0-1"]
[WhiteElo "2284"]
[BlackElo "2163"]

1.e4 d6 2.d4 g6 3.Nc3 Bg7 4.f4 a6 5.Nf3 b5 6.Bd3 Nd7 7.e5 c5 8.Ne4 cxd4 9.exd6 Nh6
10.dxe7 Qxe7 11.O-O O-O 12.Re1 Bb7 13.Bd2 Nb6 14.Qe2 Nd5 15.Qf2 Qc7 16.Nfg5 Nf5
17.a3 h6 18.Nh3 Rfe8 19.b4 Nde3 20.Nc5 Ng4 21.Qf1 Nfe3 22.Bxe3 Nxe3 23.Qf2 Bxg2
24.Qg3 Bxh3 25.Qxh3 Qxf4 26.Re2 Re5 27.Ne4 Rxe4 28.Bxe4 Qxe4 29.Rf1 Rd8 30.Qg3 Nxf1  0-1

[Event "IHEM"]
[Site "Hamburg GER"]
[Date "2002.05.19"]
[Round "2"]
[White "Frackowiak,O"]
[Black "Engelbert,C"]
[Result "0-1"]
[WhiteElo "2069"]
[BlackElo "2269"]

1.d4 g6 2.e4 Bg7 3.Nc3 d6 4.Be3 Nf6 5.Nf3 O-O 6.Qd2 Bg4 7.Bd3 Nc6 8.Ne2 Nd7
9.O-O-O e5 10.d5 Ne7 11.Bh6 Nc5 12.Bxg7 Kxg7 13.h4 f5 14.h5 f4 15.hxg6 Nxg6
16.Nh2 Bd7 17.g3 Qe7 18.Rdg1 Kh8 19.Nf3 Rf7 20.gxf4 Nxf4 21.Nxf4 Rxf4 22.Ng5 Rg8
23.Ne6 Rxg1+ 24.Rxg1 Nxe6 25.dxe6 Bxe6 26.Qe3 b6 27.Rg3 Qh4 28.b3 Qh2 29.Bc4 Bxc4
30.bxc4 Qh1+ 31.Kb2 Qxe4 32.Qa3 Qd4+ 33.c3 Qxf2+  0-1

[Event "IHEM"]
[Site "Hamburg GER"]
[Date "2002.05.22"]
[Round "5"]
[White "Langrock,H"]
[Black "Engelbert,C"]
[Result "1/2-1/2"]
[WhiteElo "2313"]
[BlackElo "2269"]

1.e4 g6 2.d4 Bg7 3.Nc3 d6 4.Be3 Nf6 5.Qd2 c6 6.Bh6 Bxh6 7.Qxh6 Qa5 8.Bd3 c5
9.d5 Nbd7 10.Nf3 c4 11.Bxc4 Qc5 12.Bb5 Qxf2+ 13.Kxf2 Ng4+ 14.Ke2 Nxh6 15.e5 a6
16.Bxd7+ Bxd7 17.exd6 exd6 18.Kd2  1/2-1/2

[Event "4th Borowski GMB"]
[Site "Essen GER"]
[Date "2002.05.23"]
[Round "7"]
[White "De Gleria,F"]
[Black "Appel,R"]
[Result "1-0"]
[WhiteElo "2419"]
[BlackElo "2512"]

1.e4 g6 2.d4 Bg7 3.Nc3 d6 4.g3 a6 5.Bg2 b5 6.e5 Ra7 7.exd6 cxd6 8.Nge2 b4
9.Nd5 Bb7 10.O-O a5 11.Re1 Bxd5 12.Bxd5 Nf6 13.Bg2 d5 14.a3 Rb7 15.axb4 axb4
16.Qd3 O-O 17.Bd2 Nc6 18.Ra6 Qd7 19.Nc1 Ne4 20.Nb3 Nxd4 21.Ra5 Nxb3 22.Rxd5 Nec5
23.Rxd7 Rxd7 24.Qb5 Rxd2 25.cxb3 Bd4 26.Rxe7 Bxf2+ 27.Kh1 Rd1+ 28.Bf1 Bd4
29.Kg2 Ne6 30.h4 Rd2+ 31.Kh3 Bg1 32.Bg2 Rxb2 33.Qxb4 Bc5 34.Qc3 Re2 35.Rxe6 fxe6
36.Qxc5 Rff2 37.b4 Rxg2 38.Qc8+ Kg7 39.Qb7+ Kf6 40.Qxg2 Rxg2 41.Kxg2 Ke5
42.Kf3 Kd4 43.g4 Kd3 44.Kf4 Kd4 45.b5 e5+ 46.Kg3  1-0

[Event "TCh-BIH"]
[Site "Neum BIH"]
[Date "2002.06.03"]
[Round "2"]
[White "Rosic,S"]
[Black "Dumpor,A"]
[Result "1-0"]
[WhiteElo "2381"]
[BlackElo "2376"]

1.e4 g6 2.d4 Bg7 3.Nc3 d6 4.Be3 Nc6 5.Qd2 e5 6.Bb5 Bd7 7.d5 Nd4 8.Bxd7+ Qxd7
9.Nge2 Nxe2 10.Qxe2 Nf6 11.O-O-O O-O 12.Kb1 a6 13.f3 b5 14.Qd2 b4 15.Ne2 Qb5
16.g4 a5 17.h4 Rfc8 18.h5 c6 19.hxg6 fxg6 20.Bg5 cxd5 21.Bxf6 Bxf6 22.Qxd5+ Qxd5
23.Rxd5 Rc6 24.Rhd1 Be7 25.Rb5 Rf8 26.Rd3 Rc5 27.Rb7 Rf7 28.c3 bxc3 29.Nxc3 Kg7
30.Kc2 h5 31.gxh5 gxh5 32.Kd1 h4 33.Ke2 Bf8 34.Rxf7+ Kxf7 35.Rd5 Ke6 36.Kf2 Bh6
37.Kg2 Bc1 38.Rxc5 dxc5 39.b3 Bd2 40.Na4 Be3 41.Kh3 Bf2 42.Nb2 Bg3 43.Kg4 Kd6
44.Nc4+ Kc6 45.a4 Kb7 46.Nxa5+ Ka6 47.Nc4 Kb7 48.Nb2 Ka6 49.Nd3 Ka5 50.Nxc5 Kb4
51.Nd3+ Kc3 52.Nc5 Kb4 53.Nd7 Kxb3 54.a5 Kc4 55.a6 Bf2 56.Nxe5+ Kb5 57.Nd3 Bd4
58.Kxh4 Kxa6 59.Kg5 Kb5 60.Kf5 Kc4 61.Ne5+ Kc5 62.Ke6 Be3 63.Ng4 Bc1 64.e5 Kd4
65.Kf5 Ba3 66.f4 Bb4 67.Nf6 Ba3 68.e6 Bd6 69.Ng8 Ke3 70.e7  1-0

[Event "TCh-BIH"]
[Site "Neum BIH"]
[Date "2002.06.05"]
[Round "6"]
[White "Jusic,Z"]
[Black "Terzic,S"]
[Result "1-0"]
[WhiteElo "2432"]
[BlackElo "2286"]

1.e4 g6 2.d4 Bg7 3.Nc3 d6 4.Bg5 c5 5.dxc5 Qa5 6.Qd2 Qxc5 7.Nd5 Bd7 8.c4 Na6
9.Be3 Qc6 10.Bd4 f6 11.b4 Qc8 12.Rc1 e6 13.Nc3 Bf8 14.a3 Nb8 15.Be3 Nc6 16.Nb5 Qb8
17.Rd1 a5 18.Bb6 axb4 19.Bc7 Qc8 20.Bxd6 Bh6 21.Bf4 Bxf4 22.Qxf4 Qb8 23.Nc7+ Kf7
24.Rxd7+ Nge7 25.Nf3 Ra5 26.c5 Rxc5 27.axb4 Re5 28.Bc4  1-0

[Event "TCh-BIH"]
[Site "Neum BIH"]
[Date "2002.06.06"]
[Round "7"]
[White "Yemelin,V"]
[Black "Mehmedovic,M"]
[Result "1-0"]
[WhiteElo "2541"]
[BlackElo "2259"]

1.e4 g6 2.d4 Bg7 3.Nc3 d6 4.f4 a6 5.Nf3 b5 6.Bd3 Nd7 7.e5 c5 8.Ng5 Nh6 9.Qf3 Rb8
10.e6 Nf6 11.dxc5 fxe6 12.cxd6 exd6 13.O-O O-O 14.Nce4 Nxe4 15.Qxe4 e5 16.Qd5+ Kh8
17.fxe5 Qb6+ 18.Kh1 Rxf1+ 19.Bxf1 dxe5 20.Be3 Bb7 21.Qd2 Qc6 22.Bd3 Qd7 23.Be4 Qxd2
24.Bxd2 Ng4 25.Kg1 Bxe4 26.Nxe4 Rc8 27.c3 Rc4 28.Re1 Kg8 29.Bg5 Nh6 30.Bxh6 Bxh6
31.Nf6+ Kg7 32.Ne8+ Kf8 33.Nf6 Kg7 34.Ne4 Rc6 35.Rd1 Rc4 36.Re1 Kf8 37.Kf2 Ke7
38.Kf3 Bg7 39.Rd1 Rc6 40.Rd5 h6 41.Nc5 Ke8 42.Nd3 Ke7 43.Nc5 Ke8 44.Nd3 Ke7  1-0

[Event "FSIM June"]
[Site "Budapest HUN"]
[Date "2002.06.08"]
[Round "8"]
[White "Kongsted,C"]
[Black "Schwartz,Y"]
[Result "0-1"]
[WhiteElo "2213"]
[BlackElo "2322"]

1.e4 g6 2.d4 Bg7 3.Nc3 d6 4.Bg5 h6 5.Bh4 c5 6.d5 Qa5 7.Qd2 a6 8.Nf3 Qb4 9.O-O-O Nd7
10.Bg3 b5 11.Re1 Bxc3 12.Qxc3 Qxc3 13.bxc3 f6 14.c4 b4 15.h4 h5 16.Nd2 Nh6
17.f4 Nb6 18.Bd3 Kf7 19.Rhf1 Ra7 20.Rf2 a5 21.Nf1 a4 22.Ne3 Ng4 23.Rfe2 Nxe3
24.Rxe3 Ba6 25.e5 f5 26.exd6 exd6 27.Re6 Rd7 28.Bf2 Rc8 29.g4 Bxc4 30.gxh5 Bxd3
31.hxg6+ Kg7 32.cxd3 Nxd5 33.h5 Rh8 34.Bh4 Rxh5 35.Bg5 Rh2 36.Re8 b3 37.axb3 axb3
38.Rb8 Rc2+  0-1

[Event "TCh-BIH"]
[Site "Neum BIH"]
[Date "2002.06.08"]
[Round "9"]
[White "Stojanovic,Da"]
[Black "Loncar,R"]
[Result "1/2-1/2"]
[WhiteElo "2442"]
[BlackElo "2436"]

1.e4 g6 2.d4 Bg7 3.Nc3 d6 4.Be3 c6 5.Qd2 Nd7 6.Nf3 Qa5 7.Bd3 Ngf6 8.h3 O-O
9.O-O e5 10.a4 Re8 11.dxe5 dxe5 12.Bc4 Nf8 13.Ng5 Ne6 14.Nxe6 Bxe6 15.Bxe6 Rxe6
16.Rfd1 Qc7 17.Qd3 Bf8 18.Qc4 Qa5 19.Rab1 Qb4 20.Qxb4 Bxb4 21.f3 Rd6 22.Rxd6 Bxd6
23.Rd1 Ne8 24.Kf2 Kf8 25.Ne2 Ke7 26.c4 b6 27.Rb1 Bb4 28.Nc1 Rd8 29.Ke2 Ke6
30.Nd3 c5 31.Nxb4 cxb4 32.b3 f5 33.exf5+ gxf5 34.g4 f4 35.Bf2 Nd6 36.Be1 e4
37.Bxb4 Nf7 38.fxe4 Ne5 39.Bc3 Rd3 40.Bxe5 Re3+ 41.Kf2 Kxe5 42.b4 Rxh3 43.c5 bxc5
44.bxc5 Rc3 45.Rb7 Kxe4 46.Re7+ Kd5 47.Rxh7 a5 48.Rf7 Ke5 49.g5 Rxc5 50.g6 Rc3
51.g7 Rg3 52.Ra7 Ke4 53.Re7+ Kf5 54.Ra7 Ke4 55.Re7+ Kf5  1/2-1/2

[Event "3rd IECC"]
[Site "Batumi GEO"]
[Date "2002.06.12"]
[Round "1"]
[White "Klerides,P"]
[Black "Kallio,H"]
[Result "0-1"]
[WhiteElo "2210"]
[BlackElo "2502"]

1.e4 g6 2.d4 Bg7 3.Nc3 d6 4.f4 c6 5.Nf3 Bg4 6.Be2 b5 7.h3 Bxf3 8.Bxf3 e5
9.Ne2 Qc7 10.Qd3 Nd7 11.c3 Ngf6 12.O-O O-O 13.g4 Nb6 14.Ng3 Nfd7 15.h4 exd4
16.cxd4 c5 17.dxc5 Nxc5 18.Qxb5 Rab8 19.Rb1 Nba4 20.Qc4 Nxb2 21.Qc2 Bd4+
22.Kg2 Nbd3 23.Bd2 Qe7 24.h5 Qe6 25.hxg6 hxg6 26.Be2 Nb2 27.f5 Qxa2 28.fxg6 fxg6
29.Bh6 Rxf1 30.Rxf1 Be5 31.Rf3 Qe6 32.Nf1 Qxg4+ 33.Ng3 Qe6 34.Be3 Ncd3 35.Bc1 Ne1+  0-1

[Event "EuTCh U18"]
[Site "Balatonlelle HUN"]
[Date "2002.06.13"]
[Round "2"]
[White "Ciobanu,C"]
[Black "Rohonyan,K"]
[Result "0-1"]
[WhiteElo "2234"]
[BlackElo "2227"]

1.e4 g6 2.d4 Bg7 3.Nc3 d6 4.f4 Nf6 5.Nf3 O-O 6.Bd3 Na6 7.O-O c5 8.d5 Bg4
9.Bc4 Nc7 10.h3 Bxf3 11.Qxf3 e6 12.dxe6 fxe6 13.Be3 b6 14.Rad1 Qe7 15.Rd2 Kh8
16.Rfd1 Rad8 17.g4 Nd7 18.Qe2 Nb8 19.Nb1 Nc6 20.c3 d5 21.exd5 exd5 22.Bxd5 Nxd5
23.Rxd5 Nd4 24.R5xd4 cxd4 25.cxd4 Rxf4 26.Nc3 Rff8 27.Rd3 Rf7 28.Qd1 Rdf8
29.Kg2 b5 30.a3 a5 31.Qd2 b4 32.axb4 axb4 33.Nd1 Qe4+ 34.Kh2 Rf1 35.Nf2 R1xf2+
36.Bxf2 Rxf2+ 37.Qxf2 Qxd3 38.Qf4 h6 39.Qb8+ Kh7 40.Qxb4 Qxd4 41.Qe7 Qxb2+
42.Kh1 Qf2 43.Qb7 Qg3 44.Qg2 Qxg2+ 45.Kxg2 Bc3 46.Kf3 Be1 47.Kf4 Kg7 48.Ke5 Kf7
49.Ke4 Kf6 50.Kf4 Bh4 51.Kf3 Kg5 52.Kg2 Be1 53.Kf3 Kh4 54.Kg2 Bg3  0-1

[Event "TSGM June"]
[Site "Belgrade YUG"]
[Date "2002.06.18"]
[Round "4"]
[White "Lundin,J"]
[Black "Matulovic,M"]
[Result "1/2-1/2"]
[WhiteElo "2143"]
[BlackElo "2428"]

1.d4 g6 2.e4 Bg7 3.Nc3 d6 4.Nf3 Nf6 5.h3 c6 6.a4 O-O 7.Be3 Qc7 8.a5 Rd8 9.Be2 d5
10.e5 Ne4 11.O-O Nxc3 12.bxc3 c5 13.Nd2 Nc6 14.Nb3 c4 15.Nd2 Nxa5 16.f4 Nc6
17.Qe1 f5 18.Nf3 Rf8 19.Bc1 b5 20.Ba3 a5 21.Bc5 Rb8 22.Rb1 Nd8 23.Qh4 Rb7
24.Ng5 h6 25.Nf3 Ne6 26.Ba3 Rf7 27.Qg3 Kh7 28.Qh4 Kg8  1/2-1/2

[Event "ISYG-W16"]
[Site "Moscow RUS"]
[Date "2002.06.21"]
[Round "4"]
[White "Astanovskaya,Y"]
[Black "Fominykh,M"]
[Result "0-1"]
[WhiteElo "2010"]
[BlackElo "2163"]

1.e4 d6 2.d4 g6 3.Nc3 Bg7 4.Be3 a6 5.Nf3 b5 6.Qd2 Bb7 7.Bd3 Nd7 8.h4 Ngf6
9.e5 Ng4 10.e6 fxe6 11.Ng5 Nf8 12.h5 Qd7 13.f3 Nxe3 14.Qxe3 e5 15.h6 Bf6
16.Nce4 Rg8 17.O-O-O Bxe4 18.Nxe4 Ne6 19.d5 Nf4 20.g3 Nxd5 21.Qe2 c6 22.c4 Nc7
23.g4 Ne6 24.Bc2 Kf7 25.Bb3 bxc4 26.Bxc4 d5 27.Bb3 Qc7 28.Nd2 Bg5 29.Kb1 a5
30.Rc1 Qd6 31.Ba4 Nd4 32.Qf2 Qb4 33.f4 Bxf4 34.Rhf1 Qxa4 35.b3 Qb4 36.a3 Qb5  0-1

[Event "13th Open"]
[Site "Ljubljana SLO"]
[Date "2002.06.22"]
[Round "1"]
[White "Sveshnikov,E"]
[Black "Kodela,M"]
[Result "1-0"]
[WhiteElo "2556"]
[BlackElo "2022"]

1.e4 g6 2.d4 Bg7 3.Nc3 d6 4.Be3 c6 5.h3 b5 6.f4 b4 7.Nb1 d5 8.e5 h5 9.a3 Qb6
10.Nf3 Nh6 11.Qd2 Nf5 12.Bf2 bxa3 13.Rxa3 e6 14.Bd3 Ba6 15.Rb3 Qc7 16.Rxb8+ Rxb8
17.Bxa6 Rxb2 18.Nc3 Qa5 19.Bd3 Bf8 20.O-O Bb4 21.Be1 Ra2 22.Bxf5 gxf5 23.Ng5 Bxc3
24.Qxc3 Qxc3 25.Bxc3 Rxc2 26.Bb4 Kd7 27.Ra1 Ra8 28.Nxf7 Rb2 29.Ra4 a6 30.Ng5 Ra7
31.Bc5 Ra8 32.Nh7 h4 33.Nf8+ Ke8 34.Nxe6 Rb1+ 35.Kh2 Rab8 36.Ng7+ Kf7 37.Nxf5 R8b2
38.Nxh4 Rf1 39.f5 Rf4 40.Kg3 Re4 41.Rxa6  1-0

[Event "1st GM"]
[Site "Bogny sur Meuse FRA"]
[Date "2002.06.28"]
[Round "2"]
[White "Tirard,H"]
[Black "Shchekachev,A"]
[Result "0-1"]
[WhiteElo "2401"]
[BlackElo "2555"]

1.e4 d6 2.d4 g6 3.Nc3 Bg7 4.Nf3 Nf6 5.Be3 O-O 6.Qd2 a6 7.Bd3 Nc6 8.h3 e5
9.dxe5 Nxe5 10.Nxe5 dxe5 11.Bh6 Be6 12.Bxg7 Kxg7 13.O-O b5 14.f4 c5 15.Qf2 Qd4
16.f5 Bc8 17.Nd5 Nxd5 18.exd5 Bb7 19.a4 Bxd5 20.Qxd4 exd4 21.axb5 axb5 22.Bxb5 Rxa1
23.Rxa1 gxf5 24.Bd3 Be4 25.Ra5 Rc8 26.b3 Kf6 27.Kf2 Rc6 28.g3 Ke6 29.Bb5 Rb6
30.Bc4+ Kd6 31.Ra2 f6 32.Ke2 Ke5 33.Ra5 f4 34.gxf4+ Kxf4 35.Kd2 Rc6 36.Bb5 Rc7
37.Ra6 f5 38.Rh6 Rg7 39.Bc4 Rg2+  0-1

[Event "Open"]
[Site "Velika Gorica CRO"]
[Date "2002.06.28"]
[Round "7"]
[White "Brumen,D"]
[Black "Loncar,R"]
[Result "1/2-1/2"]
[WhiteElo "2408"]
[BlackElo "2436"]

1.d4 d6 2.e4 g6 3.Nc3 Bg7 4.Be3 a6 5.a4 Nf6 6.h3 O-O 7.Nf3 Nc6 8.Be2 e6 9.O-O h6
10.Qd2 Kh7 11.Rad1 b6 12.Ne1 Bb7 13.f4 Ne7 14.Bf3 d5 15.exd5 Nexd5 16.Nxd5 Bxd5
17.Qd3 Qd7 18.b3 b5 19.axb5 axb5 20.c4 bxc4 21.bxc4 Bc6 22.Bxc6 Qxc6 23.Nf3 Ra2
24.Rf2 Ra4 25.Rc2 Qa8 26.Ne5 Kg8 27.Rcc1 Rd8 28.Qf1 Ra3 29.Ra1 Rb8 30.Rxa3 Qxa3
31.Rd3 Qa2 32.Rd2 Qa4 33.Qd1 Qa6 34.Qc2 Qa8 35.Kh2 Ne4 36.Re2 Nd6 37.Bf2 Qa1
38.Qa2 Qxa2 39.Rxa2 Bxe5 40.dxe5 Nxc4 41.Rc2 Rb4 42.Bc5 Ra4 43.Be7 Nb6 44.Rxc7 Rxf4
45.Bf6 Rc4 46.Rb7 Rc6 47.g4 Kf8 48.h4 h5 49.gxh5 gxh5 50.Kg3 Kg8 51.Rb8+ Kh7
52.Kf4 Kg6 53.Rg8+ Kh6 54.Rh8+ Kg6 55.Rg8+ Kh6  1/2-1/2

[Event "Masters"]
[Site "Grenoble FRA"]
[Date "2002.06.29"]
[Round "8"]
[White "Bolding,K"]
[Black "Foisor,C"]
[Result "0-1"]
[WhiteElo "2379"]
[BlackElo "2437"]

1.e4 g6 2.d4 Bg7 3.Nc3 d6 4.Be3 a6 5.f4 b5 6.Bd3 Bb7 7.Nf3 Nd7 8.O-O c5 9.e5 cxd4
10.Bxd4 dxe5 11.fxe5 Nh6 12.Qe1 Nf8 13.Be4 Bxe4 14.Qxe4 Ne6 15.Qc6+ Kf8 16.Rad1 Qe8
17.Qe4 Nf5 18.g4 Nfxd4 19.Nxd4 Nxd4 20.Rxd4 Rc8 21.Nd5 Kg8 22.Rfd1 h5 23.g5 Kh7
24.c3 Rc6 25.Nf4 Rc5 26.Nd3 Rc7 27.Qd5 Rf8 28.Nb4 Qc8 29.Qe4 Rc5 30.Nd3 Rc6
31.Rd2 Rc4 32.Qd5 Qf5 33.Rxc4 bxc4 34.Qxc4 Qxg5+ 35.Rg2 Qe3+ 36.Rf2 Rd8 37.Nf4 Rd2
38.Nh3 Rxb2 39.Qxf7 Rxf2 40.Nxf2 Qxe5 41.a4 Kh6 42.c4 Qa1+ 43.Kg2 Qxa4 44.Qxe7 Qxc4
45.Qe3+ Kh7 46.Ne4 Qd5 47.Kf1 Qf5+ 48.Kg2 Bf6 49.Qa7+ Kh6 50.Qe3+ Bg5 51.Qd4 Qg4+
52.Kf1 Qf3+ 53.Nf2 Qf6 54.Qd7 Be3  0-1

[Event "Polish Supercup"]
[Site "Warsaw POL"]
[Date "2002.06.29"]
[Round "1"]
[White "Owczarzak,J"]
[Black "Gdanski,J"]
[Result "0-1"]
[WhiteElo "2294"]
[BlackElo "2523"]

1.e4 g6 2.d4 Bg7 3.Nc3 d6 4.f4 Nf6 5.Nf3 O-O 6.Be3 b6 7.Bd3 c5 8.h3 cxd4
9.Nxd4 Bb7 10.O-O Nbd7 11.Nb3 a6 12.Qe2 b5 13.a3 Qc7 14.Qf2 Rac8 15.Rae1 Qb8
16.Bd4 e5 17.fxe5 Nxe5 18.Kh1 Rce8 19.Nd2 Qa8 20.Re2 Nh5 21.Qh4 Qd8 22.Qxd8 Ng3+
23.Kh2 Nxf1+ 24.Nxf1 Rxd8 25.Bb6 Rc8 26.Ba5 Nxd3 27.cxd3 Be5+ 28.Kg1 Bd4+
29.Kh2 f5 30.Nd2 Rce8 31.Nf3 Bxc3 32.Bxc3 fxe4 33.dxe4 Bxe4 34.Nd4 d5 35.Nc6 h6
36.Ne5 Re6 37.Nd7 Rf4 38.Bd2 Rf5 39.Nc5 Rc6 40.Be3 g5 41.Bd4 Kf7 42.b4 Rf1
43.Rd2 h5 44.Kg3 h4+ 45.Kh2 Kg6 46.Be3 Ra1 47.Nxe4 dxe4 48.Rd5 Rxa3 49.Rxg5+ Kf6
50.Rh5 Rc4 51.Bf2 e3 52.Bxh4+ Kg6 53.Rh8 e2 54.Bf2 Re4  0-1

[Event "13th Open"]
[Site "Ljubljana SLO"]
[Date "2002.06.30"]
[Round "9"]
[White "Podlesnik,B"]
[Black "Coklin,M"]
[Result "1-0"]
[WhiteElo "2385"]
[BlackElo "2200"]

1.e4 g6 2.d4 Bg7 3.Nc3 d6 4.Nf3 Nd7 5.Be2 Ngf6 6.e5 Ng8 7.Bf4 Nb6 8.Qc1 Bg4
9.Qe3 d5 10.e6 Bxe6 11.Nb5 Rc8 12.Nxa7 Ra8 13.Nb5 Rc8 14.Ng5 Bd7 15.Bxc7 Rxc7
16.Qf4 Nf6 17.Nxc7+ Kf8 18.Nb5 Nc4 19.Bxc4 dxc4 20.Nc3 h6 21.Nf3 g5 22.Qd2 b5
23.a3 Nh5 24.Ne5 Be8 25.O-O-O Qb8 26.Rhe1 Nf4 27.g3 Ne6 28.Qe2 Nc7 29.Nd7+ Bxd7
30.Qxe7+ Kg8 31.Qxd7 Bf8 32.Ne4 Kg7 33.Re3 Ne6 34.Rf3 Nd8 35.c3 b4 36.axb4 Qa8
37.Nd2 h5 38.h4 g4 39.Rf5 Rh6 40.Rg5+ Kh8 41.Qe8  1-0

[Event "II Open"]
[Site "St Chely d'Aubrac FRA"]
[Date "2002.06.30"]
[Round "4"]
[White "Karim,I"]
[Black "Voiska,M"]
[Result "0-1"]
[WhiteElo "2072"]
[BlackElo "2300"]

1.e4 d6 2.d4 g6 3.Nc3 Bg7 4.Be3 a6 5.h4 h6 6.f4 Nf6 7.Be2 h5 8.Nh3 d5 9.f5 gxf5
10.e5 Ng4 11.Bg5 c5 12.Bf3 cxd4 13.Nxd5 Nc6 14.Qe2 d3 15.Qxd3 Ngxe5 16.Qc3 Nxf3+
17.Qxf3 Nd4 18.O-O-O Nxf3 19.gxf3 Be6 20.Nhf4 Bh6 21.Rhg1 Bxg5 22.hxg5 Bxd5
23.Nxd5 Qa5 24.b4 Qa3+ 25.Kb1 O-O-O 26.Rd3 Qxd3  0-1

[Event "1st Open"]
[Site "La Fere FRA"]
[Date "2002.07.01"]
[Round "2"]
[White "Mertens,F"]
[Black "Petitpas,F"]
[Result "0-1"]
[WhiteElo "2079"]
[BlackElo "2068"]

1.d4 d6 2.e4 g6 3.Nc3 Bg7 4.Be3 c6 5.f3 b5 6.Qd2 Qa5 7.h4 h5 8.Nh3 Nd7 9.Nf2 Nb6
10.Nb1 Qxd2+ 11.Nxd2 Be6 12.O-O-O Nf6 13.Be2 Nfd7 14.Nb3 a5 15.Kb1 Nc4 16.Bxc4 bxc4
17.Nc1 Rb8 18.c3 Nb6 19.Ne2 a4 20.a3 Na8 21.Ka1 Nc7 22.Bg5 Kd7 23.Nf4 Rb3
24.Nxe6 Kxe6 25.Nh3 Rhb8 26.Bc1 Nb5 27.Ng5+ Kd7 28.Bd2 Nxa3 29.Bc1 Nc2+ 30.Ka2 a3
31.bxa3 Rb1  0-1

[Event "23rd Open"]
[Site "Bled SLO"]
[Date "2002.07.02"]
[Round "1"]
[White "Dimitrijevic,A"]
[Black "Chatalbashev,B"]
[Result "0-1"]
[WhiteElo "2269"]
[BlackElo "2530"]

1.e4 g6 2.d4 Bg7 3.Nc3 d6 4.f4 Nf6 5.Nf3 O-O 6.Be3 b6 7.Bd3 c5 8.Qe2 Nc6
9.d5 Na5 10.O-O e6 11.dxe6 fxe6 12.e5 Nd5 13.Nxd5 exd5 14.c3 Bg4 15.b4 dxe5
16.bxa5 e4 17.Bxe4 dxe4 18.Qc4+ Kh8 19.Ng5 Qd3 20.Qxd3 exd3 21.Bd2 bxa5 22.Ne4 c4
23.Rab1 Rab8 24.Nd6 Be6 25.Rxb8 Rxb8 26.Re1 Bd5 27.Re8+ Rxe8 28.Nxe8 Bf8
29.Nf6 Be6 30.Kf1 Kg7 31.Ne4 Bd5 32.Nf2 h5 33.Nd1 Kf6 34.Ne3 Ke6 35.Kf2 Bc5
36.Kf1 a4 37.Kf2 a3 38.Kg3 Bc6 39.Nxc4 Bd5 40.Ne5 Bxa2 41.Nxd3 Bd6 42.Bc1 Bc4
43.Ne1 a2 44.Bb2 Kf5 45.Kf3 Bxf4 46.g3 Bc1 47.Ba1 g5 48.h3 g4+ 49.hxg4+ hxg4+
50.Kf2 Ke4 51.Nc2 a5 52.Ne1 a4 53.Nc2 a3  0-1

[Event "Milivoj Petrov Mem"]
[Site "Pancevo YUG"]
[Date "2002.07.04"]
[Round "11"]
[White "Fontaine,R"]
[Black "Sanduleac,V"]
[Result "1-0"]
[WhiteElo "2484"]
[BlackElo "2477"]

1.e4 g6 2.d4 Bg7 3.Nc3 d6 4.g3 e6 5.Bg2 Ne7 6.Be3 d5 7.Qd2 dxe4 8.Bxe4 Nd7
9.Bh6 Bf6 10.O-O-O Nb6 11.Nf3 Ned5 12.Rhe1 c6 13.Ne5 Bd7 14.h4 Qe7 15.Bxd5 cxd5
16.Ng4 Rg8 17.Qf4 Bh8 18.Bg5 Qf8 19.Rd3 Rc8 20.Rde3 Qb4 21.Nf6+ Bxf6 22.Qxf6 h6
23.a3 Qd6 24.Nb5  1-0

[Event "Open Championships"]
[Site "Paris FRA"]
[Date "2002.07.07"]
[Round "2"]
[White "Yacob,F"]
[Black "Chomet,P"]
[Result "1/2-1/2"]
[WhiteElo "2195"]
[BlackElo "2376"]

1.e4 g6 2.d4 Bg7 3.Nc3 d6 4.Be3 a6 5.Qd2 b5 6.Bd3 Nd7 7.a4 b4 8.Nce2 a5 9.Nf3 e5
10.Rd1 Bb7 11.c3 bxc3 12.Nxc3 exd4 13.Bxd4 Ngf6 14.O-O O-O 15.Qc2 Nh5 16.Be3 Nhf6
17.Rc1 Ng4 18.Bg5 Qb8 19.h3 Nge5 20.Nxe5 Nxe5 21.Be2 Nd7 22.Be3 Nf6 23.Rfd1 Re8  1/2-1/2